| 000 | 00590nmm a2200169Ia 4500 | ||
|---|---|---|---|
| 008 | 251105s9999||||xx |||||||||||||||||und|| | ||
| 020 | _a9788437094915 | ||
| 041 | _aspa | ||
| 100 | _aCabrera Acosta, Miguel Ángel | ||
| 245 | 0 |
_aEl reformismo social en España (1870-1900) : _b En torno a los orígenes del estado del Bienestar |
|
| 264 |
_a[Madrid, España] : _bPublicaciones de la Universidad de Valencia (PUV), _c2014 |
||
| 300 | _a194 páginas | ||
| 490 | _aHistoria | ||
| 650 | _aHistory of Europe: Spain | ||
| 856 | _uhttps://public.digitaliapublishing.com/a/34880 | ||
| 942 | _cCF | ||
| 999 |
_c82661 _d82661 |
||